[Event "Sparkassen Open A"]
[Site "Dortmund GER"]
[Date "2011.07.27"]
[Round "5.25"]
[White "Maniocha, Marek"]
[Black "Evers, Leo"]
[Result "0-1"]
[WhiteElo "2052"]
[BlackElo "2101"]
[WhiteFideId "4636821"]
[BlackFideId "4633490"]
[EventDate "2011.07.23"]

1. d4 Nf6 2. c4 c5 3. d5 b5 4. cxb5 a6 5. b6 d6 6. Nc3 Nbd7 7. a4 Qxb6 8. a5 Qc7
9. e4 g6 10. f4 Bg7 11. Nf3 O-O 12. Bc4 Rb8 13. O-O Rb4 14. Qe2 Nb8 15. Re1 Bg4
16. Kh1 Bxf3 17. gxf3 Qc8 18. Kg2 Nh5 19. Kh1 Qh3 20. Rg1 Bf6 21. Qf1 Qxf1 22.
Bxf1 Bd4 23. Rg2 e6 24. Rc2 Nf6 25. dxe6 fxe6 26. Ne2 Nc6 27. Bd2 Rb3 28. Nc3
Nb4 29. Rcc1 Rxb2 30. Be1 Nc2 31. Rab1 Rxb1 32. Nxb1 Nxe1 33. Rxe1 Kf7 34. Na3
Rb8 35. Rb1 Rxb1 36. Nxb1 d5 37. Bxa6 c4 38. exd5 exd5 39. Bb7 Bc5 40. Nd2 c3
41. Nb3 c2 42. Ba6 Be3 43. Bd3 c1=Q+ 44. Nxc1 Bxc1 45. Kg2 Be3 46. Kf1 Nh5 47.
f5 g5 48. Ke2 Bc5 49. Bc2 Nf4+ 50. Kd1 h5 51. a6 Kf6 52. Kd2 Bd4 53. Bb1 Ke5 54.
Bc2 h4 55. Bb1 Bc5 56. Bc2 Nh5 57. Ke2 Ng7 58. f4+ gxf4 59. Kf3 Nxf5 60. Bb1 Ne3
61. Bd3 Bd6 62. Bb1 Nf1 63. Kg4 Nxh2+ 64. Kxh4 Nf3+ 65. Kh3 Ne1 66. Kg4 d4 0-1

[Event "Sparkassen Open A"]
[Site "Dortmund GER"]
[Date "2011.07.27"]
[Round "5.26"]
[White "Strathoff, Jens"]
[Black "Morgenroth, Hubertus"]
[Result "1-0"]
[WhiteElo "2098"]
[BlackElo "1829"]
[WhiteFideId "4699084"]
[BlackFideId "12922269"]
[EventDate "2011.07.23"]

1. e4 e5 2. Nf3 Nc6 3. Bc4 Bc5 4. c3 Nf6 5. d4 exd4 6. e5 Ng4 7. cxd4 Be7 8. O-O
d5 9. Bb5 Be6 10. Nc3 Nh6 11. Qa4 Qd7 12. Bg5 Bxg5 13. Nxg5 Nf5 14. Ne2 Nfe7 15.
f4 Bf5 16. Rac1 h6 17. Nf3 O-O 18. Ng3 Bh7 19. Qa3 Qg4 20. Qe3 a6 21. Be2 Nf5
22. Nxf5 Qxf5 23. Rc3 Rac8 24. Bxa6 Na5 25. Bd3 Qd7 26. Bxh7+ Kxh7 27. Qd3+ Kg8
28. f5 Nc6 29. Nh4 Qe8 30. f6 g6 31. Qd2 Kh7 32. Nf5 1-0

[Event "Sparkassen Open A"]
[Site "Dortmund GER"]
[Date "2011.07.27"]
[Round "5.30"]
[White "Butschek, Marc"]
[Black "Zwielich, Frank"]
[Result "1-0"]
[WhiteElo "1891"]
[BlackElo "2056"]
[WhiteFideId "4630904"]
[BlackFideId "12916846"]
[EventDate "2011.07.23"]

1. e4 c5 2. c3 d6 3. d4 Nd7 4. Nf3 g6 5. Bc4 Bg7 6. O-O Qc7 7. Qb3 e6 8. Bf4 Nb6
9. Na3 e5 10. Nb5 Qe7 11. Bxf7+ Kf8 12. Bxg8 exf4 13. Bd5 Bg4 14. e5 dxe5 15.
dxe5 c4 16. Bxc4 Bxf3 17. gxf3 Bxe5 18. Rfe1 Kg7 19. Bf1 Qc5 20. Nd4 Bxd4 21.
cxd4 Qg5+ 22. Kh1 Rhe8 23. Qb5 Qxb5 24. Bxb5 Rxe1+ 25. Rxe1 Kf6 26. Rc1 Rc8 27.
Rc5 a6 28. Bd3 Rd8 29. Be4 Rd7 30. b3 Ke6 31. Kg2 Nd5 32. Bxd5+ Rxd5 33. Rc7
Rxd4 34. Rxb7 h5 35. a4 a5 36. Rb6+ Rd6 37. Rb8 Rd5 38. h4 Ke5 39. Kf1 Ke6 40.
Rb6+ Kf5 41. Ke2 Re5+ 42. Kd2 Rd5+ 43. Kc3 Rc5+ 44. Kd4 Rc1 45. Rb5+ Kf6 46. Ke4
Rh1 47. Kxf4 Rxh4+ 48. Kg3 Rd4 49. Rxa5 Rb4 50. Rb5 Rxb5 51. axb5 Ke5 52. Kh4
Kd6 53. f4 1-0

[Event "Sparkassen Open A"]
[Site "Dortmund GER"]
[Date "2011.07.27"]
[Round "5.32"]
[White "Merkel, Markus"]
[Black "Simon, Thomas"]
[Result "0-1"]
[WhiteElo "2197"]
[BlackElo "1963"]
[WhiteFideId "4675657"]
[BlackFideId "24645990"]
[EventDate "2011.07.23"]

1. g3 Nf6 2. Nf3 e6 3. Bg2 d5 4. c4 c6 5. b3 Be7 6. O-O O-O 7. Bb2 Nbd7 8. d3
Re8 9. Nbd2 Bf8 10. Qc2 e5 11. e4 dxe4 12. dxe4 Qc7 13. a3 a5 14. Bc3 b6 15. b4
Bb7 16. Nh4 g6 17. Qb2 Bg7 18. Rab1 axb4 19. axb4 Ra4 20. Nhf3 Rea8 21. Ra1 b5
22. Rxa4 bxa4 23. Re1 Ne8 24. Ra1 c5 25. b5 f6 26. Ne1 Nb6 27. Nc2 Bh6 28. Na3
Ng7 29. Qc2 Ne6 30. Bh3 Bc8 31. Qd3 Nd4 32. Bxc8 Qxc8 33. Rc1 Bxd2 34. Bxd2 Qg4
35. Kg2 Rd8 36. Ba5 Ne6 37. Qf1 Nf4+ 38. Kg1 Ne2+ 39. Kh1 Nxc1 40. f3 Qe6 41.
Qxc1 Rd3 0-1

[Event "Sparkassen Open A"]
[Site "Dortmund GER"]
[Date "2011.07.27"]
[Round "5.33"]
[White "Schuetzhold, Frank"]
[Black "Hillebrand, Carsten"]
[Result "1/2-1/2"]
[WhiteElo "1908"]
[BlackElo "2145"]
[WhiteFideId "4624980"]
[BlackFideId "12905950"]
[EventDate "2011.07.23"]

1. b3 e5 2. Bb2 d6 3. e3 g6 4. g3 Bg7 5. Bg2 Nf6 6. Ne2 O-O 7. O-O Nbd7 8. c4
Re8 9. Nbc3 c6 10. Qc2 Qe7 11. Rfe1 Nf8 12. Rad1 Bf5 13. e4 Be6 14. d4 Rad8 15.
d5 cxd5 16. Nxd5 Nxd5 17. cxd5 Bd7 18. Qd2 f5 19. f3 fxe4 20. fxe4 Bg4 21. Rc1
Bf6 22. Qd3 Bg5 23. Rc3 Rc8 24. h3 Bd7 25. Bc1 Rxc3 26. Nxc3 Bxc1 27. Rxc1 h6
28. Nb5 a6 29. Na3 Rc8 30. Qd2 Kg7 31. Rxc8 Bxc8 32. Nc4 b5 33. Na5 Qa7+ 34. Kh2
Qc7 35. h4 Nh7 36. Bh3 Bxh3 37. Kxh3 Nf6 38. Qb4 Nxe4 39. Qxe4 Qxa5 40. Qg4 Qd8
41. h5 Qe8 42. hxg6 e4 43. Kg2 e3 44. Qd4+ Kg8 45. Qa7 Qe4+ 46. Kg1 Qb1+ 47. Kg2
Qxg6 48. Qxe3 Qc2+ 49. Kh3 Qf5+ 50. Kh4 Qxd5 51. Qxh6 Qh1+ 52. Kg5 Qc1+ 1/2-1/2

[Event "Sparkassen Open A"]
[Site "Dortmund GER"]
[Date "2011.07.27"]
[Round "5.36"]
[White "Schmidt, Kai-Uwe"]
[Black "Henkemeier, Michael"]
[Result "1-0"]
[WhiteElo "2050"]
[BlackElo "1917"]
[WhiteFideId "4608755"]
[BlackFideId "24611379"]
[EventDate "2011.07.23"]

1. d4 c6 2. c4 Nf6 3. Nc3 d5 4. e3 Qc7 5. Qb3 e6 6. Nf3 Be7 7. Bd2 O-O 8. Rc1
Qb6 9. Qc2 Nbd7 10. Bd3 dxc4 11. Bxc4 Nd5 12. O-O Nxc3 13. Bxc3 Qc7 14. Bd3 Nf6
15. e4 g6 16. Qd2 Rd8 17. Rfe1 b6 18. b4 Bb7 19. Kh1 Rac8 20. Qb2 Nh5 21. Qd2
Nf4 22. Bf1 Nh5 23. Qb2 Bf6 24. g3 Qe7 25. Bg2 Bg7 26. a3 Ba6 27. h4 Bh6 28. Rb1
Bg7 29. Rbd1 Qc7 30. Kh2 Re8 31. a4 Bc4 32. Nd2 Ba6 33. Nf3 Bb7 34. Bd2 Rcd8 35.
Bg5 Rc8 36. Rc1 h6 37. Bd2 Nf6 38. Kg1 Qd7 39. Rc2 c5 40. Ne5 Qe7 41. bxc5 bxc5
42. dxc5 Ng4 43. Bc3 Qxc5 44. Nxg4 Bxc3 45. Qxb7 Rc7 46. Qb5 Qxb5 47. axb5 1-0

[Event "Sparkassen Open A"]
[Site "Dortmund GER"]
[Date "2011.07.27"]
[Round "5.39"]
[White "Puetter, Pascal"]
[Black "Ditmas, Hugh"]
[Result "1/2-1/2"]
[WhiteElo "1965"]
[BlackElo "1912"]
[WhiteFideId "1271567"]
[BlackFideId "1270666"]
[EventDate "2011.07.23"]

1. e4 c5 2. Nf3 Nc6 3. d4 cxd4 4. Nxd4 Nf6 5. Nc3 e5 6. Ndb5 d6 7. Bg5 a6 8. Na3
b5 9. Nd5 Be7 10. Bxf6 Bxf6 11. c4 b4 12. Nc2 a5 13. Be2 Bg5 14. Bg4 O-O 15.
Bxc8 Rxc8 16. Qd3 Ne7 17. Nce3 Bxe3 18. Nxe3 Qb6 19. Rd1 Rfd8 20. O-O Qc5 21. b3
Kf8 22. Kh1 f6 23. Qe2 Ra8 24. Rd3 a4 25. Qh5 axb3 26. axb3 Kg8 27. Ng4 Ng6 28.
Rh3 Nf8 29. Rg3 Kh8 30. Nxf6 gxf6 31. Qf7 Ng6 32. Qxf6+ Kg8 33. Rxg6+ hxg6 34.
Qxg6+ Kf8 35. Qf6+ 1/2-1/2

[Event "Sparkassen Open A"]
[Site "Dortmund GER"]
[Date "2011.07.27"]
[Round "5.41"]
[White "Fichtner, Ewald"]
[Black "Simanowski, Mio"]
[Result "1-0"]
[WhiteElo "2038"]
[BlackElo "1833"]
[WhiteFideId "1270194"]
[BlackFideId "24687154"]
[EventDate "2011.07.23"]

1. d4 d5 2. c4 c6 3. Nf3 Nf6 4. e3 e6 5. b3 Bb4+ 6. Bd2 Bxd2+ 7. Nbxd2 O-O 8.
Bd3 Nbd7 9. O-O b6 10. Rc1 c5 11. Qe2 Qe7 12. e4 dxe4 13. Nxe4 Bb7 14. Rfe1 Rad8
15. Rcd1 cxd4 16. Nxd4 Nc5 17. Nxc5 Qxc5 18. Nc2 Rd6 19. Rd2 Rfd8 20. Red1 Ne4
21. Bxe4 Rxd2 22. Rxd2 Rxd2 23. Bxh7+ Kxh7 24. Qxd2 Qf5 25. Ne1 Qb1 26. f3 g6
27. Kf2 Kg7 28. Nd3 Qa1 29. Qb2+ Qxb2+ 30. Nxb2 Kf6 31. Ke3 g5 32. g3 Kf5 33.
Nd3 f6 34. a3 Ba6 35. h4 gxh4 36. gxh4 e5 37. Nb4 Bb7 38. Nd5 Ke6 39. Nc3 a6 40.
Na4 f5 41. Nxb6 f4+ 42. Kf2 Bc6 43. Na4 Kd6 44. h5 Be8 45. h6 Bg6 46. b4 Kc6 47.
Nc5 a5 48. Ne6 Kd6 49. Nf8 1-0

[Event "Sparkassen Open A"]
[Site "Dortmund GER"]
[Date "2011.07.27"]
[Round "5.43"]
[White "Niediek, Cedric"]
[Black "Elefteriadis, Paul-Gabriel"]
[Result "1/2-1/2"]
[WhiteElo "1820"]
[BlackElo "1905"]
[WhiteFideId "12936685"]
[BlackFideId "24626236"]
[EventDate "2011.07.23"]

1. e4 c5 2. Nf3 d6 3. d3 g6 4. g3 Bg7 5. Bg2 Nf6 6. O-O Nc6 7. Re1 Bg4 8. Nbd2
O-O 9. h3 Bxf3 10. Nxf3 Rb8 11. c3 b5 12. Be3 Qc7 13. Qd2 b4 14. Nh2 bxc3 15.
bxc3 e5 16. Ng4 Nxg4 17. hxg4 Rb5 18. Bh6 Qb6 19. Bxg7 Kxg7 20. Rf1 Rb8 21. Kh2
Rb2 22. Qe1 Qb5 23. Qe3 Qa4 24. f4 Rc2 25. f5 Rbb2 26. f6+ Kf8 27. Qh6+ Ke8 28.
Rg1 1/2-1/2

[Event "Sparkassen Open A"]
[Site "Dortmund GER"]
[Date "2011.07.27"]
[Round "5.45"]
[White "Baerwolf, Steven"]
[Black "Eckert, Marius"]
[Result "0-1"]
[WhiteElo "1818"]
[BlackElo "1894"]
[WhiteFideId "24658634"]
[BlackFideId "12922234"]
[EventDate "2011.07.23"]

1. e4 e5 2. Nf3 Nc6 3. Bc4 Nf6 4. Ng5 d5 5. exd5 b5 6. Bxb5 Qxd5 7. Bf1 h6 8.
Nc3 Qd7 9. Nge4 Nxe4 10. Nxe4 Bb7 11. d3 f5 12. Nc3 O-O-O 13. Be3 g5 14. Be2 Nd4
15. f3 Bc5 16. O-O Rhg8 17. a3 Qc6 18. Bxd4 Bxd4+ 19. Kh1 g4 20. Qd2 Rg5 21. Bd1
Rh5 22. fxg4 Rg5 23. Rxf5 Rxf5 24. gxf5 Bxc3 25. bxc3 Rg8 26. Qe2 Rxg2 27. Qe4
Qb6 28. Qxg2 Bxg2+ 29. Kxg2 Qb2 0-1

[Event "Sparkassen Open A"]
[Site "Dortmund GER"]
[Date "2011.07.27"]
[Round "5.48"]
[White "Ehrlacher, Markus"]
[Black "Deinert, Wolfgang"]
[Result "1-0"]
[WhiteElo "1928"]
[BlackElo "1843"]
[WhiteFideId "4699696"]
[BlackFideId "4685229"]
[EventDate "2011.07.23"]

1. d4 Nf6 2. Nf3 d5 3. e3 e6 4. Bd3 Bd6 5. Nbd2 O-O 6. O-O c5 7. c3 Nc6 8. dxc5
Bxc5 9. e4 dxe4 10. Nxe4 Nxe4 11. Bxe4 Qb6 12. Qe2 Rd8 13. Be3 Bxe3 14. fxe3 Bd7
15. Ng5 Ne5 16. Bxh7+ Kf8 17. Rf4 Rac8 18. Raf1 Be8 19. Rb4 Qc6 20. Be4 Qd6 21.
Rxb7 f6 22. Rxa7 Nc4 23. Qg4 Rd7 24. Nxe6+ Kg8 25. Rxd7 Qxd7 26. Bd5 Ne5 27.
Nf4+ Qxd5 28. Nxd5 Nxg4 29. Ne7+ Kf8 30. Nxc8 Nxe3 31. Re1 Nf5 32. g4 Nh4 33.
Kf2 Bd7 34. Nd6 Ng6 35. h3 Nf4 36. Kg3 Nd3 37. Re2 Ne5 38. Rxe5 fxe5 39. c4 Ke7
40. Nf5+ 1-0

[Event "Sparkassen Open A"]
[Site "Dortmund GER"]
[Date "2011.07.27"]
[Round "5.49"]
[White "Brehm, Stefan"]
[Black "Bosshard, Rolf"]
[Result "0-1"]
[WhiteElo "1760"]
[BlackElo "1842"]
[WhiteFideId "1271613"]
[BlackFideId "1310283"]
[EventDate "2011.07.23"]

1. d4 g6 2. c4 Bg7 3. Nc3 d6 4. e4 e5 5. Be3 exd4 6. Bxd4 Nf6 7. Be2 Nc6 8. Be3
O-O 9. Nf3 Re8 10. Nd2 Ne5 11. f3 c6 12. O-O Be6 13. Bg5 Qb6+ 14. Kh1 h6 15.
Bxf6 Bxf6 16. Qc2 Rad8 17. h3 Bc8 18. f4 Nd7 19. a3 a5 20. Rad1 Nc5 21. Bf3 Bg7
22. f5 Nd7 23. Be2 Nf6 24. Nf3 Nh5 25. Kh2 Qc7 26. Kg1 Ng3 27. Rf2 gxf5 28. exf5
Nxf5 29. Bd3 Ne3 30. Qd2 Nxd1 31. Nxd1 d5 32. cxd5 Rxd5 33. Ne3 Rdd8 34. Qc2 0-1

[Event "Sparkassen Open A"]
[Site "Dortmund GER"]
[Date "2011.07.28"]
[Round "6.3"]
[White "Begna, Bozidar"]
[Black "Savchenko, Aleksij"]
[Result "0-1"]
[WhiteElo "2102"]
[BlackElo "2257"]
[WhiteFideId "4633555"]
[BlackFideId "24611727"]
[EventDate "2011.07.23"]

1. d3 e5 2. Nf3 Nc6 3. e4 Nf6 4. Be2 d5 5. Nbd2 Bc5 6. c3 O-O 7. b4 Bd6 8. a3
Ne7 9. c4 c6 10. h4 a5 11. c5 Bc7 12. Bb2 Ng6 13. g3 Re8 14. h5 Nf8 15. Nh4 h6
16. Qc2 N8h7 17. Nf5 Bxf5 18. exf5 Qd7 19. g4 e4 20. dxe4 Nxe4 21. Nxe4 Rxe4 22.
Kf1 f6 23. Rd1 Rae8 24. Bf3 Rf4 25. Kg2 Ng5 26. Be2 Rfe4 27. Rd2 Qe7 28. Bd1
axb4 29. axb4 Rxb4 30. Rd4 Rb5 31. Ba3 Ra8 32. Ra4 Rxa4 33. Qxa4 Ra5 34. Qb4
Qe4+ 35. Qxe4 Nxe4 36. Rh3 b6 37. cxb6 Bxb6 38. Rb3 Bxf2 39. Rb8+ Kh7 40. Bf8
Ra2 0-1

[Event "Sparkassen Open A"]
[Site "Dortmund GER"]
[Date "2011.07.28"]
[Round "6.4"]
[White "Ciornei, Dragos"]
[Black "Richters, Marc"]
[Result "1/2-1/2"]
[WhiteElo "2182"]
[BlackElo "1969"]
[WhiteFideId "4619200"]
[BlackFideId "24612332"]
[EventDate "2011.07.23"]

1. e4 c5 2. Nf3 d6 3. d4 cxd4 4. Nxd4 Nf6 5. Nc3 Nc6 6. Bc4 Qb6 7. Nb3 e6 8. O-O
Be7 9. a4 O-O 10. a5 Qc7 11. Be3 Nxe4 12. Nxe4 d5 13. Bd3 dxe4 14. Bxe4 e5 15.
f4 f5 16. Bd5+ Kh8 17. Bxc6 bxc6 18. fxe5 Qxe5 19. Bd4 Qc7 20. Qe2 1/2-1/2

[Event "Sparkassen Open A"]
[Site "Dortmund GER"]
[Date "2011.07.28"]
[Round "6.5"]
[White "Quast, Marcel"]
[Black "Albers, Damian"]
[Result "1-0"]
[WhiteElo "2173"]
[BlackElo "2091"]
[WhiteFideId "24663476"]
[BlackFideId "4695186"]
[EventDate "2011.07.23"]

1. e4 Nc6 2. Nf3 e5 3. Bc4 Bc5 4. c3 Nf6 5. d4 exd4 6. cxd4 Bb4+ 7. Nc3 Nxe4 8.
O-O Bxc3 9. d5 Bf6 10. Re1 Ne7 11. Rxe4 O-O 12. d6 Ng6 13. dxc7 Qxc7 14. Bg5 d5
15. Bxd5 Qb6 16. Bxf6 Qxf6 17. Qb3 Rb8 18. Rae1 Bf5 19. Rc4 Ne7 20. Rc7 Nxd5 21.
Qxd5 Be6 22. Qb5 a6 23. Qb4 Bd5 24. Ne5 Qg5 25. f3 Rbc8 26. Rxc8 Rxc8 27. Re2 h5
28. a3 a5 29. Qd2 Qxd2 30. Rxd2 Be6 31. f4 Kf8 32. Kf2 Ke7 33. Ke3 Rc5 34. g3 b5
35. Nf3 b4 36. axb4 axb4 37. Nd4 g6 38. Rc2 Rxc2 39. Nxc2 b3 40. Nd4 Bd5 41. Kd3
h4 42. gxh4 Kf6 43. Kc3 Kg7 44. Nxb3 Kh6 45. Na5 Kh5 46. Kd4 Bg2 47. Nc4 Kxh4
48. Ne5 g5 49. fxg5 Kxg5 50. Nxf7+ Kh4 51. b4 Bc6 52. Ne5 Ba4 53. Ke3 Kh3 54.
Nf3 Bb5 55. Kf2 Bc6 56. Nd4 Ba8 57. Kg1 Kg4 58. b5 Bg2 1-0

[Event "Sparkassen Open A"]
[Site "Dortmund GER"]
[Date "2011.07.28"]
[Round "6.6"]
[White "Jesse, Ingemars"]
[Black "Beutelhoff, Josef"]
[Result "1-0"]
[WhiteElo "2270"]
[BlackElo "2128"]
[WhiteFideId "11602724"]
[BlackFideId "4621336"]
[EventDate "2011.07.23"]

1. Nf3 c5 2. g3 Nc6 3. Bg2 g6 4. d4 cxd4 5. Nxd4 Bg7 6. Nxc6 bxc6 7. O-O f5 8.
c4 Nf6 9. Nc3 O-O 10. Qc2 Bb7 11. Rd1 d6 12. Rb1 a5 13. Qb3 Qc7 14. c5+ Rf7 15.
Bf4 Ne8 16. Rbc1 Rb8 17. cxd6 exd6 18. Nb5 a4 19. Qe3 Qe7 20. Qxe7 Rxe7 21. Nxd6
Rd8 22. Nxb7 Rxd1+ 23. Rxd1 Rxb7 24. Rd8 Kf7 25. Rxe8 Kxe8 26. Bxc6+ Rd7 27.
Bxa4 Bxb2 1-0

[Event "Sparkassen Open A"]
[Site "Dortmund GER"]
[Date "2011.07.28"]
[Round "6.7"]
[White "Kartsev, Alexandr"]
[Black "Linker, Walter"]
[Result "1-0"]
[WhiteElo "2196"]
[BlackElo "2112"]
[WhiteFideId "24647110"]
[BlackFideId "24619280"]
[EventDate "2011.07.23"]

1. e4 e5 2. Nf3 Nc6 3. Bb5 a6 4. Ba4 d6 5. O-O Bg4 6. h3 Bh5 7. c3 b5 8. Bc2 Nf6
9. Re1 Be7 10. d3 O-O 11. Nbd2 d5 12. Qe2 d4 13. Nf1 Qd6 14. Ng3 Bg6 15. Nf5
Bxf5 16. exf5 Nd7 17. Ng5 Bxg5 18. Bxg5 f6 19. Bd2 Rfe8 20. Qh5 Nc5 21. b4 Nxd3
22. Bb3+ Kh8 23. Re4 g5 24. fxg6 Re7 25. Bf7 Rxf7 26. gxf7 Qf8 27. Rh4 Qg7 28.
Bh6 Qg6 29. Qxg6 1-0

[Event "Sparkassen Open A"]
[Site "Dortmund GER"]
[Date "2011.07.28"]
[Round "6.8"]
[White "Sundorf, Jannik"]
[Black "Kartsev, Soel"]
[Result "1-0"]
[WhiteElo "2121"]
[BlackElo "2182"]
[WhiteFideId "12905380"]
[BlackFideId "4130561"]
[EventDate "2011.07.23"]

1. d4 d5 2. c4 e6 3. Nf3 Nf6 4. g3 dxc4 5. Bg2 a6 6. Ne5 c5 7. Na3 cxd4 8. Naxc4
Bc5 9. O-O O-O 10. Bd2 Nd5 11. Rc1 Ba7 12. Qb3 Nd7 13. Ba5 Qe7 14. Nd3 Rb8 15.
Rc2 b6 16. Bb4 Nxb4 17. Qxb4 Nc5 18. Nxb6 Rxb6 19. Qxc5 Rd6 20. Qb4 Bd7 21. Rc7
Rb8 22. Rb7 Rxb7 23. Qxb7 Bb6 24. Qxa6 f6 25. Qa8+ Qf8 26. Qxf8+ Kxf8 27. Rc1 e5
28. f4 Kf7 29. fxe5 fxe5 30. Be4 g6 31. Kg2 Kf6 32. Rf1+ Ke6 33. Rf8 h5 34. Rg8
Ke7 35. Nxe5 Re6 36. Nxd7 Rxe4 37. Re8+ Kxe8 38. Nf6+ Kf7 39. Nxe4 Ke6 40. Kf3
Kd5 41. Nf2 g5 42. h3 Ke5 43. Nd3+ Kd5 44. b3 g4+ 45. hxg4 hxg4+ 46. Kxg4 Ke4
47. Nb2 Bc5 48. Nc4 d3 49. exd3+ Kxd3 50. Kf5 Kc2 51. g4 Kb1 52. g5 Kxa2 53. g6
Bf8 54. b4 Kb3 55. b5 Kxc4 56. b6 Kd5 57. b7 Bd6 58. g7 Kc6 59. g8=Q Kxb7 60.
Ke6 1-0

[Event "Sparkassen Open A"]
[Site "Dortmund GER"]
[Date "2011.07.28"]
[Round "6.10"]
[White "Pueschel, Werner"]
[Black "Steinmetzer, Thomas"]
[Result "1/2-1/2"]
[WhiteElo "2163"]
[BlackElo "2083"]
[WhiteFideId "4647025"]
[BlackFideId "4689690"]
[EventDate "2011.07.23"]

1. e4 e6 2. b3 b6 3. Bb2 Bb7 4. Nc3 d5 5. exd5 exd5 6. d4 Nf6 7. Bb5+ c6 8. Bd3
Bd6 9. Qe2+ Qe7 10. Qxe7+ Bxe7 11. Nf3 Nbd7 12. O-O O-O 13. a4 a5 14. Rfe1 Bd6
15. g3 Rfe8 1/2-1/2

[Event "Sparkassen Open A"]
[Site "Dortmund GER"]
[Date "2011.07.28"]
[Round "6.11"]
[White "Kirsanova, Ekaterina"]
[Black "Tran, Duc Cuong"]
[Result "0-1"]
[WhiteTitle "WFM"]
[WhiteElo "2157"]
[BlackElo "1974"]
[WhiteFideId "4168810"]
[BlackFideId "24689718"]
[EventDate "2011.07.23"]

1. c4 e5 2. Nc3 Nc6 3. Nf3 f5 4. d3 Bb4 5. Bd2 Bxc3 6. Bxc3 d6 7. b4 Nf6 8. g3
O-O 9. Bg2 Qe8 10. b5 Nd8 11. O-O Qh5 12. e3 f4 13. exf4 Bg4 14. h3 Bxh3 15.
Bxh3 Qxh3 16. Ng5 Qf5 17. fxe5 dxe5 18. Nf3 Ng4 19. Kg2 Ne6 20. Qe2 Rad8 21. Nh4
Qg5 22. Bd2 Qh5 23. Be3 g5 24. Nf3 Rxf3 25. Rh1 Nxe3+ 26. fxe3 Rxg3+ 27. Kf2 0-1

[Event "Sparkassen Open A"]
[Site "Dortmund GER"]
[Date "2011.07.28"]
[Round "6.12"]
[White "Rott, Georg"]
[Black "Strathoff, Jens"]
[Result "1-0"]
[WhiteElo "2223"]
[BlackElo "2098"]
[WhiteFideId "4633393"]
[BlackFideId "4699084"]
[EventDate "2011.07.23"]

1. e4 e5 2. Nf3 Nc6 3. Bb5 g6 4. O-O Bg7 5. c3 Nge7 6. d4 exd4 7. cxd4 O-O 8. d5
Nb8 9. d6 cxd6 10. Qxd6 Nec6 11. Nc3 a6 12. Bd3 Qe7 13. Bf4 Bxc3 14. bxc3 Qxd6
15. Bxd6 Re8 16. e5 b5 17. a4 bxa4 18. Rxa4 a5 19. Re1 Ba6 20. Bb1 Bb5 21. Rf4
Nd8 22. Nd2 Ne6 23. Rh4 Bc6 24. f4 Ng7 25. g4 a4 26. Nc4 Na6 27. Ne3 Ra7 28. g5
Bf3 29. f5 Nc7 30. Kf2 Bh5 31. f6 Nge6 32. Rxh5 gxh5 33. Nf5 Nd8 34. Ba2 Nce6
35. Rb1 Kh8 36. Nh6 Ra8 37. h4 Rc8 38. c4 Nc5 39. Rb5 Ne4+ 40. Kf3 Nc3 41. Rb2
Nxa2 42. Rxa2 Rxc4 43. Be7 Nc6 44. Nxf7+ Kg8 45. Nh6+ Kh8 46. f7 Nxe5+ 47. Kg3
Rc3+ 48. Kg2 1-0

[Event "Sparkassen Open A"]
[Site "Dortmund GER"]
[Date "2011.07.28"]
[Round "6.13"]
[White "Evers, Leo"]
[Black "Boehm, Juergen2"]
[Result "1/2-1/2"]
[WhiteElo "2101"]
[BlackElo "2220"]
[WhiteFideId "4633490"]
[BlackFideId "4606434"]
[EventDate "2011.07.23"]

1. d4 d5 2. c4 c6 3. Nf3 Nf6 4. Nbd2 Bf5 5. Nh4 Be6 6. e3 Nbd7 7. Qb3 Qc7 8. f4
dxc4 9. Bxc4 Bxc4 10. Nxc4 g6 11. Nf3 Bg7 12. Bd2 Ne4 13. Rc1 Nxd2 14. Nfxd2 O-O
15. O-O Rad8 16. Qa3 Nb6 17. Nxb6 axb6 18. Qb3 b5 1/2-1/2

[Event "Sparkassen Open A"]
[Site "Dortmund GER"]
[Date "2011.07.28"]
[Round "6.15"]
[White "Conrad, Joachim"]
[Black "Baumhackel, Mario"]
[Result "1/2-1/2"]
[WhiteElo "2079"]
[BlackElo "2157"]
[WhiteFideId "24623083"]
[BlackFideId "4636953"]
[EventDate "2011.07.23"]

1. e4 d5 2. exd5 Qxd5 3. Nc3 Qa5 4. d4 c6 5. Bc4 Nf6 6. Qe2 Bf5 7. Bd2 e6 8.
O-O-O Qc7 9. Nf3 Nbd7 10. Ne5 h5 11. f3 Nxe5 12. dxe5 Nd7 13. Rhe1 O-O-O 14. Kb1
Nb6 1/2-1/2

[Event "Sparkassen Open A"]
[Site "Dortmund GER"]
[Date "2011.07.28"]
[Round "6.17"]
[White "Schiefelbusch, Dirk"]
[Black "Zimmermann, Dirk"]
[Result "1-0"]
[WhiteElo "2128"]
[BlackElo "2075"]
[WhiteFideId "4694139"]
[BlackFideId "4677498"]
[EventDate "2011.07.23"]

1. d4 Nf6 2. Nf3 g6 3. Bg5 Bg7 4. e3 d6 5. c4 Nbd7 6. h3 O-O 7. Nc3 c6 8. Be2
Re8 9. O-O e5 10. Qc2 Qe7 11. b4 h6 12. Bh4 e4 13. Nd2 g5 14. Bg3 Nf8 15. a4 Bf5
16. Rfb1 Bg6 17. c5 d5 18. b5 Ne6 19. Nb3 Nd8 20. Na5 Nh5 21. Bd6 Qd7 22. Qd1
Nf6 23. Rb3 Bf8 24. Bg3 Bf5 25. Rab1 g4 26. hxg4 Nxg4 27. Nxb7 Qe6 28. bxc6 Nxc6
29. Nxd5 Nxf2 30. Bxf2 Qxd5 31. Bg3 Re6 32. Nd6 Bxd6 33. cxd6 Rg6 34. Rb5 Qa2
35. Rxf5 Rxg3 36. Bf1 Qa3 37. Qb3 Qxd6 38. Qxf7+ Kh8 39. Rf6 1-0

[Event "Sparkassen Open A"]
[Site "Dortmund GER"]
[Date "2011.07.28"]
[Round "6.20"]
[White "Butschek, Marc"]
[Black "Schorra, Helmut"]
[Result "1-0"]
[WhiteElo "1891"]
[BlackElo "2110"]
[WhiteFideId "4630904"]
[BlackFideId "4648692"]
[EventDate "2011.07.23"]

1. e4 d5 2. exd5 Qxd5 3. d4 Nc6 4. Nf3 Bg4 5. Be2 e5 6. c4 Qd6 7. d5 Bxf3 8.
Bxf3 Nd4 9. Nc3 Nf6 10. O-O Qb4 11. Re1 Nxf3+ 12. Qxf3 Bd6 13. b3 O-O 14. Bd2
Qc5 15. Na4 Qd4 16. Bc3 Qh4 17. g3 Qh3 18. c5 e4 19. Qg2 Qxg2+ 20. Kxg2 Be7 21.
Rad1 b5 22. d6 Bd8 23. Nb2 cxd6 24. cxd6 Rc8 25. Be5 Rc2 26. Rc1 Rxc1 27. Rxc1
Bb6 28. Nd1 Nd7 29. Bf4 f5 30. Nc3 Nc5 31. Nxb5 Nd3 32. Rc6 Rd8 33. Bg5 Rd7 34.
Rc7 Rxc7 35. dxc7 Bxc7 36. Nxc7 Nb4 37. Bd2 Nxa2 38. b4 Kf7 39. Nb5 Ke6 40. Nxa7
Kd5 41. b5 h6 42. b6 Kd6 43. Bf4+ 1-0